Encyclopedia of feminist literary theories (Record no. 247)

MARC details
000 -LEADER
fixed length control field 00451 a2200169 4500
001 - CONTROL NUMBER
control field 066055
003 - CONTROL NUMBER IDENTIFIER
control field OSt
005 - DATE AND TIME OF LATEST TRANSACTION
control field 20210907163650.0
008 - FIXED-LENGTH DATA ELEMENTS--GENERAL INFORMATION
fixed length control field
082 ## - DEWEY DECIMAL CLASSIFICATION NUMBER
Classification number 801.95082
Item number E19E
245 1# - TITLE STATEMENT
Title Encyclopedia of feminist literary theories
Statement of responsibility, etc edited by K.W. Elizabeth
260 ## - PUBLICATION, DISTRIBUTION, ETC. (IMPRINT)
Place of publication, distribution, etc London
Name of publisher, distributor, etc Routledge
Date of publication, distribution, etc 2009
300 ## - PHYSICAL DESCRIPTION
Extent 449p.
690 ## - LOCAL SUBJECT ADDED ENTRY--TOPICAL TERM (OCLC, RLIN)
Topical term or geographic name as entry element feminist literary theories
700 ## - ADDED ENTRY--PERSONAL NAME
Relator term Elizabeth, K.W., ed.
942 ## - ADDED ENTRY ELEMENTS (KOHA)
Source of classification or shelving scheme Dewey Decimal Classification
Koha item type Books
Holdings
Withdrawn status Lost status Source of classification or shelving scheme Damaged status Not for loan Collection code Home library Current library Date acquired Source of acquisition Cost, normal purchase price Total Checkouts Full call number Barcode Date last seen Date checked out Price effective from Koha item type
    Dewey Decimal Classification     General Text Book Central University Of Rajasthan Central University Of Rajasthan 07/03/2012 ENG 2072.00 1 801.95082 E19E 341 21/11/2024 08/09/2022 02/09/2020 Books